<?xml version="1.0" encoding="UTF-8"?>
<record
    xmlns:xsi="http://www.w3.org/2001/XMLSchema-instance"
    xsi:schemaLocation="http://www.loc.gov/MARC21/slim http://www.loc.gov/standards/marcxml/schema/MARC21slim.xsd"
    xmlns="http://www.loc.gov/MARC21/slim">

  <leader>00832nam a22002297a 4500</leader>
  <datafield tag="999" ind1=" " ind2=" ">
    <subfield code="c">59309</subfield>
    <subfield code="d">59309</subfield>
  </datafield>
  <controlfield tag="005">20230116164802.0</controlfield>
  <controlfield tag="008">230116s2016ge  xxu||||| |||| 00| 0 ger d</controlfield>
  <datafield tag="020" ind1=" " ind2=" ">
    <subfield code="a"> 9783126050388 X</subfield>
  </datafield>
  <datafield tag="041" ind1=" " ind2=" ">
    <subfield code="a">ger</subfield>
  </datafield>
  <datafield tag="080" ind1=" " ind2=" ">
    <subfield code="a">811.112.1 A-87</subfield>
  </datafield>
  <datafield tag="245" ind1=" " ind2=" ">
    <subfield code="a"> Aspekte neu: Mittelstufe Deutsch</subfield>
    <subfield code="b">Lehr- und Arbeitsbuch 3, Teil 2 C1/</subfield>
    <subfield code="c">Ute Kolthan, Helen Schmitz, Tanja Siber, Ralf Sonntag</subfield>
  </datafield>
  <datafield tag="264" ind1=" " ind2=" ">
    <subfield code="a">Stutgard :</subfield>
    <subfield code="b">Ernst Klett Sprachen,</subfield>
    <subfield code="c">2016.</subfield>
  </datafield>
  <datafield tag="300" ind1=" " ind2=" ">
    <subfield code="a"> 200 p.:</subfield>
    <subfield code="b">+ 1 CD</subfield>
    <subfield code="c">28 cm.</subfield>
  </datafield>
  <datafield tag="653" ind1=" " ind2=" ">
    <subfield code="a">Aspekte neu: Mittelstufe Deutsch Lehr- und Arbeitsbuch 3, Teil 2 C1</subfield>
  </datafield>
  <datafield tag="653" ind1=" " ind2=" ">
    <subfield code="a">&#x10D2;&#x10D4;&#x10E0;&#x10DB;&#x10D0;&#x10DC;&#x10E3;&#x10DA;&#x10D8; &#x10D4;&#x10DC;&#x10D0;</subfield>
  </datafield>
  <datafield tag="653" ind1=" " ind2=" ">
    <subfield code="a">&#x10D0;&#x10EE;&#x10D0;&#x10DA;&#x10D8; &#x10D0;&#x10E1;&#x10DE;&#x10D4;&#x10E5;&#x10E2;&#x10D4;&#x10D1;&#x10D8;</subfield>
  </datafield>
  <datafield tag="700" ind1=" " ind2=" ">
    <subfield code="a">Kolthan, Ute</subfield>
    <subfield code="9">16691</subfield>
  </datafield>
  <datafield tag="700" ind1=" " ind2=" ">
    <subfield code="a">Schmitz, Helen</subfield>
    <subfield code="9">16692</subfield>
  </datafield>
  <datafield tag="700" ind1=" " ind2=" ">
    <subfield code="a">Siber, Tanja </subfield>
    <subfield code="9">16693</subfield>
  </datafield>
  <datafield tag="700" ind1=" " ind2=" ">
    <subfield code="a">Sonntag, Ralf </subfield>
    <subfield code="9">10081</subfield>
  </datafield>
  <datafield tag="942" ind1=" " ind2=" ">
    <subfield code="2">udc</subfield>
    <subfield code="c">BK</subfield>
  </datafield>
  <datafield tag="952" ind1=" " ind2=" ">
    <subfield code="0">0</subfield>
    <subfield code="1">0</subfield>
    <subfield code="2">udc</subfield>
    <subfield code="4">0</subfield>
    <subfield code="6">8111121_A87</subfield>
    <subfield code="7">0</subfield>
    <subfield code="9">93415</subfield>
    <subfield code="a">CPL</subfield>
    <subfield code="b">CPL</subfield>
    <subfield code="c">GEN</subfield>
    <subfield code="d">2023-01-16</subfield>
    <subfield code="g">6.00</subfield>
    <subfield code="o">811.112.1 A-87</subfield>
    <subfield code="p">63448</subfield>
    <subfield code="r">2023-01-16</subfield>
    <subfield code="t">63448</subfield>
    <subfield code="w">2023-01-16</subfield>
    <subfield code="y">BK</subfield>
    <subfield code="z">6&#x10DA;.50&#x10D7;.</subfield>
  </datafield>
</record>
